Poèmes dans la rue : Après les tueries du 13 novembre 2015 (notice n° 1711792)

détails MARC
000 -LEADER
fixed length control field 01441cam a2200133 4500500
005 - DATE AND TIME OF LATEST TRANSACTION
control field 20260322001106.0
041 ## - LANGUAGE CODE
Language code of text/sound track or separate title fre
042 ## - AUTHENTICATION CODE
Authentication code dc
100 10 - MAIN ENTRY--PERSONAL NAME
Personal name Peureux, Guillaume
Relator term author
245 00 - TITLE STATEMENT
Title Poèmes dans la rue : Après les tueries du 13 novembre 2015
260 ## - PUBLICATION, DISTRIBUTION, ETC.
Name of publisher, distributor, etc. Hermann,<br/>
Date of publication, distribution, etc. 2022.<br/>
520 ## - SUMMARY, ETC.
Summary, etc. À la suite des attentats du 13 novembre 2015 à Paris et à Saint-Denis, de nombreuses personnes ont déposé à proximité des différents lieux de massacres des objets, des images et des textes. Les écrits exposés en ces lieux sont le plus souvent très brefs. Les plus complexes d’entre eux sont des poèmes. On en décompte plus de deux cents. Ces écrits participent à un effort collectif de symbolisation des événements et des sentiments qu’ils ont produits, afin de les fixer pour la mémoire collective ; ils permettent de s’approprier le temps et les événements. Cette irruption de poèmes fugitifs dans l’espace urbain interroge : la poésie n’est pas, pour ainsi dire, à sa place, la rue n’en favorise guère la consommation. Cet ensemble de poèmes produits dans l’urgence des circonstances s’inscrit en fait dans une histoire des formes et des pratiques de l’écriture poétique qui remonte aux siècles classiques et qui s’origine dans les usages les plus anciens de la poésie.
856 41 - ELECTRONIC LOCATION AND ACCESS
Uniform Resource Identifier <a href="https://shs.cairn.info/poemes-dans-la-rue--9791037019547?lang=fr&redirect-ssocas=7080">https://shs.cairn.info/poemes-dans-la-rue--9791037019547?lang=fr&redirect-ssocas=7080</a>

Pas d'exemplaire disponible.

PLUDOC

PLUDOC est la plateforme unique et centralisée de gestion des bibliothèques physiques et numériques de Guinée administré par le CEDUST. Elle est la plus grande base de données de ressources documentaires pour les Étudiants, Enseignants chercheurs et Chercheurs de Guinée.

Adresse

627 919 101/664 919 101

25 boulevard du commerce
Kaloum, Conakry, Guinée

Réseaux sociaux

Powered by Netsen Group @ 2025